| 000 | 00458cam a2200181ua 4500 | ||
|---|---|---|---|
| 020 | _cRs 5.50 | ||
| 041 |
_aeng _h |
||
| 082 |
_a330.1 _bSAT/OU |
||
| 100 | _aSathyendranath, Sen . | ||
| 245 |
_aOutline of economics and civics / _cSatyendranath Sen. _hTextual Documents |
||
| 250 |
_a1 / _b. |
||
| 260 |
_aCalcutta : _bBookland Pvt Ltd , _c1963. |
||
| 300 | _a352 ; . | ||
| 365 | _aRs 5.50 | ||
| 504 | _a | ||
| 942 | _cBK | ||
| 999 |
_c1916 _d1916 |
||